| 000 -LEADER |
| fixed length control field |
00604cam a2200193 a 4500 |
| 020 ## - INTERNATIONAL STANDARD BOOK NUMBER |
| ISBN |
0834801728 |
| 040 ## - CATALOGING SOURCE |
| Transcribing agency |
DLC |
| 082 00 - DEWEY DECIMAL CLASSIFICATION NUMBER |
| Classification number |
952 WEA 1982 A114 Or. |
| 100 1# - MAIN ENTRY--AUTHOR NAME |
| Personal name |
Fraser, Hugh, |
| 245 12 - TITLE STATEMENT |
| Title |
A diplomat's wife in Japan : |
| Remainder of title |
sketches at the turn of the century / |
| 250 ## - EDITION STATEMENT |
| Edition statement |
1st ed. |
| 260 ## - PUBLICATION, DISTRIBUTION, ETC. (IMPRINT) |
| Place of publication |
New York : |
| Name of publisher |
Weatherhill, |
| Year of publication |
1982. |
| 300 ## - PHYSICAL DESCRIPTION |
| Number of Pages |
xxxi, 351 p., [8] p. of plates : |
| Other physical details |
ill. ; |
| Dimensions |
24 cm. |
| 500 ## - GENERAL NOTE |
| General note |
Abridgement of: A diplomatist's wife in Japan. 2 v. London : Hutchinson, 1899. |
| 500 ## - GENERAL NOTE |
| General note |
Includes index. |
| 650 #0 - SUBJECT ADDED ENTRY--TOPICAL TERM |
| Topical Term |
Diplomats' spouses |
| 700 1# - ADDED ENTRY--PERSONAL NAME |
| Personal name |
Cortazzi, Hugh. |
| 942 ## - ADDED ENTRY ELEMENTS (KOHA) |
| Koha item type |
សៀវភៅភាសាអង់គ្លេស |
| 952 ## - LOCATION AND ITEM INFORMATION (KOHA) |
| Withdrawn status [LOCAL, KOHA] |
0 |